006540000a2200205000450024500870000065000130008765000180010065000320011865000230015065000150017365000310018865000210021965000290024065100380026965300140030704100130032170000220033410000220035677300700037810aPronophiline butterflies () of the three andean cordilleras of Colombia14aInsectos14aEntomología14aDistribución geográfica14aTaxonomía animal14aEcología14aEspeciación alopátrica14aSubespeciación14aGradientes altitudinales 4lCordillera de los AndespColombia fSatyridae0 aInglés1 aDorsel, Blandford1 aAdams, Michael J.1 tZoological Journal of the Linnean Society3893q235-320d1986g87